Women of today : contemporary issues and conflicts, 1980-present (Record no. 591209)
[ view plain ]
| 000 -LEADER | |
|---|---|
| fixed length control field | 00501nam a22001697a 4500 |
| 003 - CONTROL NUMBER IDENTIFIER | |
| control field | NUST |
| 005 - DATE AND TIME OF LATEST TRANSACTION | |
| control field | 20220818120931.0 |
| 008 - FIXED-LENGTH DATA ELEMENTS--GENERAL INFORMATION | |
| fixed length control field | 220818b ||||| |||| 00| 0 eng d |
| 020 ## - INTERNATIONAL STANDARD BOOK NUMBER | |
| International Standard Book Number | 9781604139365 |
| 038 ## - RECORD CONTENT LICENSOR | |
| Staff Name | Azhar |
| 082 ## - DEWEY DECIMAL CLASSIFICATION NUMBER | |
| Classification number | 305.40973 |
| Author Mark | STE |
| 100 ## - MAIN ENTRY--PERSONAL NAME | |
| Personal name | Stearman, Kaye; Coster, Patience |
| 9 (RLIN) | 97977 |
| 245 ## - TITLE STATEMENT | |
| Title | Women of today : contemporary issues and conflicts, 1980-present |
| Statement of responsibility, etc. | Kaye Stearman, Coster, Patience |
| 260 ## - PUBLICATION, DISTRIBUTION, ETC. | |
| Place of publication, distribution, etc. | New York |
| Name of publisher, distributor, etc. | Chelsea House, |
| Date of publication, distribution, etc. | 2011 |
| 300 ## - PHYSICAL DESCRIPTION | |
| Extent | 64p |
| 942 ## - ADDED ENTRY ELEMENTS (KOHA) | |
| Source of classification or shelving scheme | |
| Koha item type | Lincoln Corner |
| Withdrawn status | Lost status | Source of classification or shelving scheme | Damaged status | Not for loan | Permanent Location | Current Location | Shelving location | Date acquired | Full call number | Barcode | Date last seen | Price effective from | Koha item type |
|---|---|---|---|---|---|---|---|---|---|---|---|---|---|
| Central Library (CL) | Central Library (CL) | Lincoln Corner | 08/18/2022 | 305.40973 STE | LC-188 | 08/18/2022 | 08/18/2022 | Reference |
